000 00659nam a22001937a 4500
999 _c188692
_d188692
005 20220601162713.0
010 _aENG-132921
020 _a9789380017297
_c400.00
035 _aEN-116453
037 _bDBAD/PUB
082 _a005.8
245 _aInformation Security in the Digital Era/
_cEdited by B. Ramesh Babu and P. Nageswara Rao
260 _aChennai
_bKnowledge Centre Society for Electronic Transactions and Security
_c2011
270 _bChennai
_aMGR Knowledge City, CIT Campus Taramani
_e600113
300 _axiv, 825p.
_c29cm(hbk)
700 _aBabu, B. Ramesh
700 _aRao, P. Nageswara
942 _2ddc
_cEN
_h005.8
_mINF